Southville International School and Colleges
Your cart is empty.
  • Cart
  • Lists
    Public lists list_1 View all
    Your lists Log in to create your own lists
  • Log in to your account
  • Your cookies
  • Search history
Southville International School and Colleges
  • Advanced search
  • Recent comments
  • Most popular
  • Libraries

Log in to your account

Log in with GOOGLE


If you do not have an external account, but do have a local account, you can still log in:

  1. Home
  2. MARC view: College accounting /
Normal view MARC view ISBD view

College accounting / (Record no. 48594)

[ view plain ]
MARC details
000 -LEADER
fixed length control field 00568nam a2200193Ia 4500
008 - FIXED-LENGTH DATA ELEMENTS--GENERAL INFORMATION
fixed length control field 140321s9999 xx 000 0 und d
020 ## - INTERNATIONAL STANDARD BOOK NUMBER
International Standard Book Number 9781133584216
050 ## - LIBRARY OF CONGRESS CALL NUMBER
Classification number HF 5636
Item number .N46 2013
100 ## - MAIN ENTRY--PERSONAL NAME
Personal name Nobles, Tracie L.
245 ## - TITLE STATEMENT
Title College accounting /
Statement of responsibility, etc Tracie L. Nobles, Cathy J. Scott, Douglas J. McQuaig, [et.al]�
250 ## - EDITION STATEMENT
Edition statement 11th ed.
260 ## - PUBLICATION, DISTRIBUTION, ETC. (IMPRINT)
Place of publication, distribution, etc Ohio :
Name of publisher, distributor, etc South-Western Cengage Learning,
Date of publication, distribution, etc c2013.
300 ## - PHYSICAL DESCRIPTION
Extent 1057 p. :
Other physical details ill. ;
Dimensions 28 cm.
500 ## - GENERAL NOTE
General note Includes index.
521 ## - TARGET AUDIENCE NOTE
Target audience note
650 ## - SUBJECT ADDED ENTRY--TOPICAL TERM
Topical term or geographic name as entry element Accounting.
942 ## - ADDED ENTRY ELEMENTS (KOHA)
Call number prefix Foreign
Koha item type Books
Holdings
Withdrawn status Lost status Damaged status Home library Current library Shelving location Date acquired Total Checkouts Total Renewals Full call number Barcode Date last seen Date checked out Price effective from Koha item type
Withdrawn     College Library College Library Reserve Section 03/21/2014 1 4 HF 5636 .N46 2013 C17877 12/17/2015 12/01/2015 03/21/2014 Books

College accounting /

APA

Nobles T. L., . (2013). College accounting. Ohio: South-Western Cengage Learning.

Chicago

Nobles Tracie L, . 2013. College accounting. Ohio: South-Western Cengage Learning.

Harvard

Nobles T. L., . (2013). College accounting. Ohio: South-Western Cengage Learning.

MLA

Nobles Tracie L, . College accounting. Ohio: South-Western Cengage Learning. 2013.

  • Print
  • Cite
  • Add to your cart (remove)
  • Save record
    BIBTEX Dublin Core MARCXML MARC (non-Unicode/MARC-8) MARC (Unicode/UTF-8) MARC (Unicode/UTF-8, Standard) MODS (XML) RIS
  • More searches
    Search for this title in:
    Other Libraries (WorldCat) Other Databases (Google Scholar) Online Stores (Bookfinder.com) Open Library (openlibrary.org)

Exporting to Dublin Core...

SOUTHVILLE LIBRARY

Southville International School and Colleges Library

1281 Tropical Ave. Cor. Luxembourg St., BF Homes International, Las Pinas City

Tel. No. 8256374 / 252358 Loc. 117/146

Powered by Koha